Представление документа в формате MARC21

Поле Инд. ПП Название Значение
Тип записи a
Библиографический уровень b
001 Контрольный номер 402ddda3e6614f9fac7d3a944bf365ae
005 Дата корректировки 20230420170053.5
024 80 a Стандартный номер 10.1134/S2079562920010066
040 a Служба первич. каталог. РИНЦ
b Код языка каталог. rus
041 0_ a Код языка текста rus
097 a Костяева О.Г.
100 1_ a Автор Курепин А. Б.
100 1_ a Автор Литвиненко А. Г.
c Титул (звания) старший научный сотрудник; доктор физико-математических наук; профессор (должность);
i 000090559
j Принадлежность неизвестного автора к последователям, ученикам, сторонникам, школе и т. д. государственный университет "Дубна"
k Кафедра общей физики; Общеобразовательные кафедры
q Полное имя Литвиненко Анатолий Григорьевич
u Дополнение Литвиненко А. Г.
g Прочие сведения РИНЦ AuthorID: 22152 (http://elibrary.ru/author_items.asp?authorid=22152)
100 1_ a Автор Литвиненко Е. И.
245 10 a Заглавие Определение центральности столкновения ядер при использовании адронного калориметра
773 18 t Название источника Ядерная физика и инжиниринг
b Сведения об издании Международная академическая издательская компания "Наука/Интерпериодика"
c Москва
d Место и дата издания 2020
m Специф. данные входит в ядро РИНЦ; журнал из перечня ВАК; ненулевой импакт-фактор
x ISSN 2079-5629; 2079-5637 (онлайн версия)
g Прочая информация Т. 11. - № 3. - С. 162-165
w Контрольный № источника b72d712f9a574241ab3f6302b4ed632e
o Прочие индексы РИНЦ 0.144
856 40 u URL https://elibrary.ru/item.asp?id=47116290
901 t Тип документа b
952 c Вид литературы статья в журнале